00321nam a2200121Ia 4500003000400000008004100004040001600045082002000061245003900081260006300120300001100183490000500194GCL140319s9999 xx 000 0 ara d aGCL / cGCL04a953.0714bم س10aسقوط دولة الموحدين a[S.N] : bمنشورات جامعة بنغازى ، c1975 a302 ص a